Normal view
MARC view
Entry Personal Name
001 - CONTROL NUMBER
- control field: 192536
003 - CONTROL NUMBER IDENTIFIER
- control field:
005 - DATE AND TIME OF LATEST TRANSACTION
- control field: 20210601194948.0
008 - FIXED-LENGTH DATA ELEMENTS
- fixed length control field: 210601|| aca||aabn | a|a d
040 ## - CATALOGING SOURCE
- Original cataloging agency:
- Transcribing agency:
100 ## - HEADING--PERSONAL NAME
- Personal name: Goodman, Cardell,
- Dates associated with a name: 1653-1713
670 ## - SOURCE DATA FOUND
- Source citation: Work cat.: (): Wilson, John Harold, 1900- 118267, Mr. Goodman :, c1964
